[Event "Mestre Sheraton op-C 1st"]
[Site "Mestre"]
[Date "2021.02.28"]
[Round "4"]
[White "De Fina, Roberto"]
[Black "Monaco, Daniele"]
[Result "1-0"]
[WhiteElo "999"]
[BlackElo "999"]
[PlyCount "65"]
[EventDate "2021.02.26"]
[EventType "swiss"]
[EventRounds "5"]
[EventCountry "ITA"]
[SourceTitle "EXT 2022"]
[Source "ChessBase"]
[SourceDate "2021.10.06"]
[SourceVersion "1"]
[SourceVersionDate "2021.10.06"]
[SourceQuality "1"]

1. e4 e5 2. Nf3 Nc6 3. Bb5 d6 4. 0-0 Nf6 5. Re1 h6 6. h3 Be6 7. c3 a6 8. Ba4 Be7 9. d4 b5 10. Bb3 d5 11. Nxe5 Nxe5 12. dxe5 Nxe4 13. Nd2 Ng5 14. Nf3 0-0 15. Nxg5 Bxg5 16. f4 Bh4 17. Rf1 Qd7 18. Kh2 f6 19. Qh5 Rf7 20. Qxh4 Raf8 21. Qh5 fxe5 22. Bc2 e4 23. Be3 Rf5 24. Qh4 Qd6 25. Rad1 c6 26. Bxe4 R5f6 27. Rf3 g5 28. Rg3 R8f7 29. fxg5 hxg5 30. Qxg5+ Kf8 31. c4 Rf4 32. Bxf4 Qxf4 33. Qd8# 1-0